LEADER 00826nam a2200229 i 4500 001 000000227002 003 CaOOAMICUS 005 20140211000000.0 008 140211s1983 it u000 u ita u 013 $a205904 040 $aSeMil$bita 100 1 $aCerami, Vincenzo <1940-2013>.$0(OLS)http://semarc/name/41492 245 10$aRagazzo di vetro /$cVincenzo Cerami. 260 $aMilano :$bGarzanti,$c1983. 300 $a138 p. ;$c22 cm. 490 0 $aNarratori moderni 830 0$aNarratori moderni.$0(OLS)http://semarc/title/7202 850 $aSeMil 852 $aSeMil$W1$xVenegono$y1$m1A III 34$j177348$B177348$CSeMilBibl$Z2$F189307 $81 961 $aOmaggio: Ferrario mons. Emilio 996 $6245$aRagazzo di vetro$9(OLS)http://semarc/title/324976 996 $6260$aMilano :$bGarzanti$9(OLS)http://semarc/publisher/29852 LEADER 00974nam a2200217 i 4500 001 000000233135 003 CaOOAMICUS 005 20140916000000.0 008 140916s1763 it u000 u fre u 013 $a212038 026 $aitu- geer ledu enSi (7) 1763 (R) 040 $aSeMil$bita 245 10$aTome 9. 300 $a552 p. 500 $aSegn. : A-Z12. 773 0 $aMésenguy, François-Philippe <1677-1763>$tAbrégé de l'histoire de l'Ancien Testament, ou l'on a conservé, autant qu'il a été possible, les propres paroles de l'Ecriture Sainte, avec des eclaircissemens & des réflexions. Tome 1. [-10.].$dA Paris : Chez Desaint & Saillant, Libraires, rue S. Jean de Beauvais, vis-à-vis le Collége, 1753-1763.$bNouvelle edition.$g9$w()30529 850 $aSeMil 852 $aSeMil$W1$xVenegono$y1$m2Y I 106 FA$j183481$B183481$CSeMilBibl$Z2$F194284 $8I 941 1 $a10 961 $aRecupero: Mantegazza 996 $6245$aTome 9$9(OLS)http://semarc/title/108281